00340nam a2200133Ia 4500008004100000041000800041082001600049100001900065245003700084260004300121300000800164365001500172700001900187230719s9999 xx 000 0 und d aeng a004.22bTAN aTanenbaum A.S. aStructured Computer Organization c1976bPrentice Hall of India Pvt. Ltd. a443 cRs.b17.50 aTanenbaum A.S.